| 000 | 01393cad a22002415a 4500 | ||
|---|---|---|---|
| 001 | L142677 | ||
| 008 | 080227s2007 xxk f 000 0 eng d | ||
| 022 | 1 | _a9781906097097 | |
| 035 | _a(Sirsi) u142677 | ||
| 041 | 0 | _aeng | |
| 100 | 1 | _aLeunig, Tim | |
| 245 | 0 | 0 |
_aCities limited _h[electronic resource] |
| 260 |
_aLondon _bPolicy Exchange _c2007 |
||
| 520 | _aConsiders whether the policy of urban regeneration has made any progress in improving the situation in Britain's declining urban centres. Concludes that no significant change has been achieved. Assesses 18 towns and cities on a range of outcome measures including gross value added, personal incomes and unemployment levels. Finds that the towns supposedly benefiting from urban regeneration policies and funding performed poorly compared to the national average. Trends across the nation have continued unchecked based on these assessments. The situation may even be consolidating as the young and mobile population leaves areas which most need regeneration. | ||
| 521 | 2 | _aAdvanced | |
| 590 | _aKA | ||
| 651 | 4 |
_aUnited Kingdom _y |
|
| 690 | _aPROPERTY-PROPERTY MANAGEMENT-REGENERATION | ||
| 700 | 1 | _aSwaffield, James | |
| 700 | 1 |
_aHartwich, Oliver Marc _eEditor |
|
| 856 | 4 | 0 |
_uhttps://www.localis.org.uk/images/articles/07_Cities%20Limited.PDF _zView the item free of charge at www.policyexchange.org.uk... |
| 942 | _n0 | ||
| 999 |
_c107933 _d107933 |
||